Marcatori dell'Inter in UEFA Europa League 2014-2015 - Statistics

Statistiche generali
  • Questo quiz è stato fatto 13 volte
  • Il punteggio medio è 7 su 12
Statistiche sulle risposte
Partita Minuto Marcatore % Corretto
Inter - Qarabağ 2-0 85' Mauro Icardi
100%
Celtic - Inter 3-3 13' Rodrigo Palacio
100%
Celtic - Inter 3-3 45' Rodrigo Palacio
100%
Wolfsburg - Inter 2-1 5' Rodrigo Palacio
100%
Inter - Wolfsburg 1-2 71' Rodrigo Palacio
100%
Inter - Celtic 1-0 88'' Fredy Guarín
82%
Inter - Dnipro 2-1 30' Zdravko Kuzmanović
55%
Celtic - Inter 3-3 4' Xherdan Shaqiri
36%
Inter - Dnipro 2-1 50' Daniel Osvaldo
18%
Saint-Étienne - Inter 1-1 33' Dodô
18%
Dnipro - Inter 0-1 71' Danilo D'Ambrosio
0%
Inter - Qarabağ 2-0 18' Danilo D'Ambrosio
0%
Nessun quiz corrispondente trovato
Distribuzione punteggi
Percentuale di utenti per punteggio
Percentile per numero di risposta
I tuoi punteggi nel tempo
Non hai fatto questo quiz